000
00256nam a22001217a 4500
008
181102b xxu||||| |||| 00| 0 eng d
041
_a
eng
080
_a
591
100
_a
7
101
_a
ZOO
245
_a
Animal Diversity
_c
Hanson, E.D
942
_2
udc
_c
BK
999
_c
51605
_d
51605